000 01609nam a2200169Ia 4500
005 20250728123505.0
008 250728s9999 xx 000 0 und d
020 _a9780521849135
082 _a947.0854
_bROS
100 _aRosefielde, Steven
245 0 _aRussia Since 1980
260 _bCambridge University Press
_c2009
300 _a378 pages
500 _aRussia since 1980 recounts the epochal political, economic, and social changes that destroyed the Soviet Union, ushering in a perplexing new order. Two decades after Mikhail Gorbachev initiated his regime-wrecking radical reforms, Russia has reemerged as a superpower. It has survived a hyperdepression, modernized, restored private property and business, adopted a liberal democratic persona, and asserted claims to global leadership. Many in the West perceive these developments as proof of a better globalized tomorrow, while others foresee a new cold war. Globalizers contend that Russia is speedily democratizing, marketizing, and humanizing, creating a regime based on the rule of law and respect for civil rights. Opponents counterclaim that Russia before and during the Soviet period was similarly misportrayed and insist that Medvedev's Russia is just another variation of an authoritarian "Muscovite" model that has prevailed for more than five centuries. The cases for both positions are explored while chronicling events since 1980, and a verdict is rendered in favor of Muscovite continuity. Russia will continue challenging the West until it breaks with its cultural legacy.
650 _aBusiness & Economics
942 _cENGLISH
999 _c577628
_d577628